000 00689nam a2200217 i 4500
001 bg
100 1 _aIngarden, Roman Stanisław
_d(1920-2011).
245 0 _aClassical electrodynamics /
_cRoman S. Ingarden, Jamiołkowski Andrzej.
260 _aAmsterdam ;
_aWarszawa :
_bElsevier :
_bPWN,
_c1985.
490 1 _aStudies in Electrical and Electronic Engineering ;
_v12
650 9 _aElektrodynamika
700 1 _aJamiołkowski, Andrzej
_d(1946- )
830 _aStudies in Electrical and Electronic Engineering ;
020 _a0444996044
040 _cBPK
041 _apol
080 _a537.6
920 _a0-444-99604-4
942 _cKS
008 s pl f |000 0 pol
999 _c23808
_d23808
856 _uhttp://koha.tu.koszalin.pl/cgi-bin/koha/opac-detail.pl?biblionumber=23808
_yKatalog online BPK